00322nam a2200121Ia 4500008004100000041001200041082001300053100002000066245005700086260003100143300001100174650001500185231217s9999 xx 000 0 und d aEnglish a658 SHA aSharma, Subhash 0aManagement in new age: Western windows eastern doors c1996bNew Delhi : New Age, axi+232 aManagement